[Event "Decin op"]
[Site "Decin"]
[Date "1997.??.??"]
[Round "8"]
[White "Sleich, Jan"]
[Black "Chernikov, Oleg L"]
[Result "0-1"]
[WhiteElo "2225"]
[BlackElo "2385"]
[PlyCount "86"]
[EventDate "1997.??.??"]
[EventType "swiss"]
[EventRounds "9"]
[EventCountry "CZE"]
[SourceTitle "EXT 1998"]
[Source "ChessBase"]
[SourceDate "1997.11.17"]
[SourceVersion "1"]
[SourceVersionDate "1997.11.17"]
[SourceQuality "1"]

1. e4 c5 2. Nf3 Nc6 3. d4 cxd4 4. Nxd4 Nf6 5. Nc3 d6 6. Bg5 g6 7. Bxf6 exf6 8. Bc4 Bg7 9. 0-0 0-0 10. Nde2 f5 11. exf5 Bxf5 12. Ng3 Bc8 13. Bb3 Rb8 14. f4 Nd4 15. Nd5 b5 16. c3 Nxb3 17. axb3 a5 18. f5 Re8 19. Qd3 Re5 20. Kh1 Bb7 21. Ne3 Qg5 22. Nc2 Rbe8 23. fxg6 hxg6 24. Nd4 Rc5 25. Nf3 Qd5 26. Qc2 b4 27. c4 Qc6 28. Qf2 Qc7 29. Rae1 Rxe1 30. Rxe1 Qc6 31. Rf1 Qd7 32. Rd1 Qc7 33. Qe2 Qd7 34. Qe3 Qc6 35. Qf4 Re5 36. Rd2 Re6 37. h3 Qc5 38. Nd4 Re1+ 39. Kh2 Qe5 40. Qf2 Re3 41. Nde2 Bh6 42. Rc2 Rxb3 43. Qb6 Be4 0-1

[Event "Decin op"]
[Site "Decin"]
[Date "1997.??.??"]
[Round "5"]
[White "Sleich, Jan"]
[Black "Galkin, Sergey"]
[Result "0-1"]
[WhiteElo "2225"]
[BlackElo "2340"]
[PlyCount "114"]
[EventDate "1997.??.??"]
[EventType "swiss"]
[EventRounds "9"]
[EventCountry "CZE"]
[SourceTitle "EXT 1998"]
[Source "ChessBase"]
[SourceDate "1997.11.17"]
[SourceVersion "1"]
[SourceVersionDate "1997.11.17"]
[SourceQuality "1"]

1. e4 d5 2. exd5 Nf6 3. d4 Nxd5 4. Nf3 g6 5. Be2 Bg7 6. 0-0 0-0 7. c4 Nb6 8. Nc3 Bg4 9. Be3 Nc6 10. d5 Bxf3 11. Bxf3 Ne5 12. Bxb6 Nxf3+ 13. Qxf3 axb6 14. a4 Qd7 15. b3 e5 16. dxe6 fxe6 17. Qh3 Rad8 18. Rad1 Bd4 19. Ne4 e5 20. Qxd7 Rxd7 21. Rfe1 g5 22. Re2 g4 23. Rdd2 h5 24. Kf1 Rf4 25. Ke1 h4 26. Rd3 Rg7 27. Kd1 Rgf7 28. Ke1 Kg7 29. h3 Kg6 30. hxg4 Rxg4 31. f3 Rgf4 32. Nd2 Kh5 33. Re4 Kg5 34. Re2 h3 35. gxh3 Rh7 36. Kf1 Rxh3 37. Kg2 Rh8 38. Nf1 c5 39. Ng3 e4 40. Rxe4 Rxe4 41. fxe4 Rh4 42. Rd2 Rg4 43. Kh3 Rf4 44. Rd3 Bf2 45. Kg2 Bd4 46. Kh3 Rg4 47. Kg2 Rh4 48. Nf5 Rxe4 49. Nd6 Re2+ 50. Kf3 Re1 51. Ne4+ Kf5 52. Nd6+ Ke6 53. Ne4 Rf1+ 54. Ke2 Rf4 55. Ng5+ Kf5 56. Nf7 Ke4 57. Rd1 Rxf7 0-1

[Event "Decin op"]
[Site "Decin"]
[Date "1997.??.??"]
[Round "7"]
[White "Sleich, Jan"]
[Black "Sakadin, Alexander"]
[Result "1-0"]
[WhiteElo "2225"]
[BlackElo "2405"]
[PlyCount "47"]
[EventDate "1997.??.??"]
[EventType "swiss"]
[EventRounds "9"]
[EventCountry "CZE"]
[SourceTitle "EXT 1998"]
[Source "ChessBase"]
[SourceDate "1997.11.17"]
[SourceVersion "1"]
[SourceVersionDate "1997.11.17"]
[SourceQuality "1"]

1. e4 c6 2. d4 d5 3. Nc3 dxe4 4. Nxe4 Nf6 5. Nxf6+ gxf6 6. Nf3 Bg4 7. Be2 Qc7 8. 0-0 e6 9. g3 Nd7 10. Nh4 Bxe2 11. Qxe2 0-0-0 12. c4 c5 13. d5 exd5 14. cxd5 Nb6 15. Bf4 Qd7 16. d6 Nd5 17. Qf3 Nxf4 18. Qxf4 Qxd6 19. Qf3 Qb6 20. Rfe1 Bh6 21. Re7 Qxb2 22. Qf5+ Kb8 23. Rb1 Qxa2 24. Rexb7+ 1-0

[Event "Moravia-ch"]
[Site "Moravia"]
[Date "1997.??.??"]
[Round "?"]
[White "Sleich, Jan"]
[Black "Talla, Vladimir"]
[Result "0-1"]
[WhiteElo "2210"]
[BlackElo "2290"]
[PlyCount "52"]
[EventDate "1997.??.??"]
[EventType "swiss"]
[EventRounds "9"]
[EventCountry "CZE"]
[SourceTitle "EXT 1999"]
[Source "ChessBase"]
[SourceDate "1998.11.16"]
[SourceVersion "1"]
[SourceVersionDate "1998.11.16"]
[SourceQuality "1"]

1. e4 e5 2. Nf3 d6 3. d4 Nf6 4. Nc3 Nbd7 5. Bc4 Be7 6. 0-0 0-0 7. Re1 c6 8. a4 b6 9. Bf1 a6 10. h3 Re8 11. Bg5 Bb7 12. Bd3 h6 13. Bd2 Bf8 14. Ne2 exd4 15. Nexd4 c5 16. Nf5 Nxe4 17. N3h4 Nxd2 18. Rxe8 Qxe8 19. Qxd2 Qe5 20. Re1 Qf6 21. Bc4 Rd8 22. Re3 Ne5 23. Ba2 g6 24. Rxe5 dxe5 25. Nxh6+ Bxh6 26. Qxh6 Bd5 0-1

[Event "CZE-chT2c 9596"]
[Site "Czech Republic"]
[Date "1996.??.??"]
[Round "1"]
[White "Sleich, Jan"]
[Black "Antoshik, Alois"]
[Result "0-1"]
[WhiteElo "2165"]
[BlackElo "2225"]
[PlyCount "80"]
[EventDate "1995.??.??"]
[EventType "team"]
[EventRounds "11"]
[EventCountry "CZE"]
[SourceTitle "EXT 2000"]
[Source "ChessBase"]
[SourceDate "1999.11.16"]
[SourceVersion "1"]
[SourceVersionDate "1999.11.16"]
[SourceQuality "1"]

1. e4 d6 2. d4 Nf6 3. Nc3 g6 4. Nf3 Bg7 5. Be2 0-0 6. 0-0 Bg4 7. Be3 Nfd7 8. h3 Bxf3 9. Bxf3 e5 10. Ne2 Nc6 11. c3 Qe7 12. Qb3 b6 13. a4 Rac8 14. Rfd1 a5 15. Bg4 Rfd8 16. Ng3 h5 17. Bf3 exd4 18. cxd4 Nb4 19. e5 dxe5 20. Ne4 exd4 21. Bg5 Bf6 22. Nxf6+ Nxf6 23. Re1 Qd6 24. Bb7 Rb8 25. Qf3 Kh7 26. Bf4 Qd7 27. Rad1 c5 28. Be5 Qf5 29. Qxf5 gxf5 30. Bxb8 Rxb8 31. Bf3 h4 32. Re7 Rd8 33. Rb7 Rd6 34. Kf1 Ne4 35. Bh5 Rf6 36. Ke2 d3+ 37. Ke3 c4 38. Kd4 Nc2+ 39. Kxc4 Nd6+ 40. Kxd3 Nb4+ 0-1